| 000 | 00783nam a2200229Ii 4500 | ||
|---|---|---|---|
| 003 | JO-AjNU | ||
| 008 | 230605s9999||||xx |||||||||||||| ||und|| | ||
| 017 | _a2009/19424 | ||
| 020 | _a978-977-422-181-3 | ||
| 040 |
_aJO-AjNU _bara _erda _cJO-AjNU |
||
| 041 | _aara | ||
| 050 | 1 | 4 | _aHG221.A457 2010 |
| 100 | 3 |
_aاعداد: وحيد مهدي عامر, _eauthor _932751 |
|
| 245 | 0 | 0 | _aاقتصاديات النقود والبنوك |
| 250 | _aط1 | ||
| 264 | 3 | 1 | _aالاسكندرية: الدار الجامعية، 2010 |
| 300 |
_a337ص _bيحتوي على ببلوغرافية من 333-337ص |
||
| 336 |
_atext _btxt _2rdacontent |
||
| 337 |
_aunmediated _bn _2rdamedia |
||
| 338 |
_avolume _bnc _2rdacarrier |
||
| 650 | 4 |
_aالنقود - البنوك - الاقتصاد _932752 |
|
| 999 |
_aA13258 _c16826 _d16826 |
||